000 00720nam a2200217 a 4500
005 20140310183311.0
008 051014s19uu xx 00 eng d
020 _a0-275-98463-X
050 _aHF 5548.32
_b.Ep67 2004
100 _aEpstein, Marc J.
245 _aImplementing e-commerce strategies :
_ba guide to corporate success after the Dot.Com bust /
_cMarc J. Epstein.
260 _aLondon :
_bPraeger Publishers,
_c2004.
300 _ax, 208 p. ;
_c25 cm.
521 _aBSBA
650 _aElectronic commerce.
650 _aStrategic planning.
650 _aBusiness enterprises
_xComputer networks
_xPlanning.
650 _aElectronic commmerce
_xCase studies.
942 _cBK
_2lcc
_kFOR
999 _c21165
_d21165